Clubs Erling Haaland scored against - Statistics

General Stats
  • This quiz has been taken 140 times
    44 since last reset
  • The average score is 23 of 82
Answer Stats
Hint Answer % Correct
7๐Ÿ‡ฉ๐Ÿ‡ช Bayern Munich
97%
3๐Ÿด๓ ง๓ ข๓ ฅ๓ ฎ๓ ง๓ ฟ Liverpool
92%
7๐Ÿด๓ ง๓ ข๓ ฅ๓ ฎ๓ ง๓ ฟ Manchester United
92%
5๐Ÿด๓ ง๓ ข๓ ฅ๓ ฎ๓ ง๓ ฟ Chelsea
89%
4๐Ÿด๓ ง๓ ข๓ ฅ๓ ฎ๓ ง๓ ฟ Arsenal FC
86%
1๐Ÿ‡ฉ๐Ÿ‡ช Borussia Dortmund
73%
2๐Ÿ‡ช๐Ÿ‡ธ Real Madrid
70%
9๐Ÿด๓ ง๓ ข๓ ฅ๓ ฎ๓ ง๓ ฟ West Ham
70%
1๐Ÿด๓ ง๓ ข๓ ฅ๓ ฎ๓ ง๓ ฟ Newcastle
62%
3๐Ÿ‡ซ๐Ÿ‡ท PSG
59%
12๐Ÿ‡ฉ๐Ÿ‡ช RB Leipzig
57%
4๐Ÿด๓ ง๓ ข๓ ฅ๓ ฎ๓ ง๓ ฟ FC Brentford
54%
8๐Ÿด๓ ง๓ ข๓ ฅ๓ ฎ๓ ง๓ ฟ Wolverhampton Wanderers
54%
2๐Ÿด๓ ง๓ ข๓ ฅ๓ ฎ๓ ง๓ ฟ Burnley
49%
4๐Ÿ‡ฉ๐Ÿ‡ช FC Schalke 04
49%
3๐Ÿด๓ ง๓ ข๓ ฅ๓ ฎ๓ ง๓ ฟ Leicester City
49%
4๐Ÿ‡ฉ๐Ÿ‡ช Union Berlin
49%
4๐Ÿ‡ฉ๐Ÿ‡ช Werder Bremen
49%
5๐Ÿ‡ฉ๐Ÿ‡ช VfL Wolfsburg
46%
6๐Ÿด๓ ง๓ ข๓ ฅ๓ ฎ๓ ง๓ ฟ Crystal Palace
43%
2๐Ÿด๓ ง๓ ข๓ ฅ๓ ฎ๓ ง๓ ฟ Leeds United
43%
5๐Ÿด๓ ง๓ ข๓ ฅ๓ ฎ๓ ง๓ ฟ Nottingham Forest
43%
4๐Ÿ‡ฉ๐Ÿ‡ช Borussia Gladbach
41%
4๐Ÿ‡ง๐Ÿ‡ช Club Brugge
41%
3๐Ÿ‡ฉ๐Ÿ‡ช Eintracht Frankfurt
41%
6๐Ÿด๓ ง๓ ข๓ ฅ๓ ฎ๓ ง๓ ฟ Luton Town
41%
5๐Ÿ‡ฉ๐Ÿ‡ช Hertha BSC
38%
1๐Ÿด๓ ง๓ ข๓ ฅ๓ ฎ๓ ง๓ ฟ Sheffield United
38%
4๐Ÿด๓ ง๓ ข๓ ฅ๓ ฎ๓ ง๓ ฟ Ipswich Town
35%
4๐Ÿ‡จ๐Ÿ‡ญ Young Boys Bern
35%
4๐Ÿ‡ฉ๐Ÿ‡ช 1. FC Kรถln
32%
4๐Ÿ‡ฉ๐Ÿ‡ช SC Freiburg
32%
2๐Ÿ‡จ๐Ÿ‡ฟ Sparta Praha
32%
4๐Ÿ‡ฉ๐Ÿ‡ช Bayer Leverkusen
30%
3๐Ÿ‡ฉ๐Ÿ‡ช FC Augsburg
30%
1๐Ÿ‡ฎ๐Ÿ‡น SS Lazio
30%
3๐Ÿ‡น๐Ÿ‡ท Besiktas
27%
1๐Ÿ‡ณ๐Ÿ‡ด Bodo Glimt
27%
2๐Ÿ‡ณ๐Ÿ‡ฑ Feyenoord Rotterdam
27%
1๐Ÿ‡ฉ๐Ÿ‡ช Fortuna Dรผsseldorf
27%
1๐Ÿ‡ฆ๐Ÿ‡น LASK
27%
3๐Ÿ‡ฎ๐Ÿ‡น SSC Napoli
27%
1๐Ÿ‡ฆ๐Ÿ‡น Rapid Vienna
24%
1๐Ÿ‡ธ๐Ÿ‡ฐ Slovan Bratislava
22%
4๐Ÿด๓ ง๓ ข๓ ฅ๓ ฎ๓ ง๓ ฟ Everton FC
19%
6๐Ÿ‡ช๐Ÿ‡ธ Sevilla FC
16%
5๐Ÿด๓ ง๓ ข๓ ฅ๓ ฎ๓ ง๓ ฟ Tottenham Hotspurs
16%
3๐Ÿ‡ฉ๐Ÿ‡ช VfL Bochum
16%
4๐Ÿด๓ ง๓ ข๓ ฅ๓ ฎ๓ ง๓ ฟ Southampton FC
14%
5๐Ÿด๓ ง๓ ข๓ ฅ๓ ฎ๓ ง๓ ฟ Brighton and Hove Albion
11%
3๐Ÿ‡ฉ๐Ÿ‡ฐ FC Copenhagen
11%
1๐Ÿ‡ฉ๐Ÿ‡ช FC St Pauli
11%
6๐Ÿด๓ ง๓ ข๓ ฅ๓ ฎ๓ ง๓ ฟ Fulham FC
11%
1๐Ÿ‡ท๐Ÿ‡ธ Red Star Belgrade
11%
2๐Ÿ‡ท๐Ÿ‡บ Zenit St Petersburg
11%
2๐Ÿด๓ ง๓ ข๓ ฅ๓ ฎ๓ ง๓ ฟ AFC Bournemouth
8%
3๐Ÿ‡ฉ๐Ÿ‡ช TSG Hoffenheim
8%
1๐Ÿ‡ณ๐Ÿ‡ด Lillestrom
5%
2๐Ÿ‡ณ๐Ÿ‡ด Valerenga
5%
2๐Ÿ‡ฆ๐Ÿ‡น WSG Tirol
5%
2๐Ÿ‡ฉ๐Ÿ‡ช 1. FSV Mainz
3%
1๐Ÿ‡ฆ๐Ÿ‡น Admira Wacker
3%
2๐Ÿ‡ฉ๐Ÿ‡ช Greuther Fรผrth
3%
4๐Ÿ‡ง๐Ÿ‡ช KRC Genk
3%
1๐Ÿ‡ฉ๐Ÿ‡ช SC Paderborn
3%
1๐Ÿ‡ณ๐Ÿ‡ด Stromsgodset
3%
1๐Ÿ‡ณ๐Ÿ‡ด Tromso
3%
3๐Ÿด๓ ง๓ ข๓ ฅ๓ ฎ๓ ง๓ ฟ Burnley FC
0%
1๐Ÿ‡ฆ๐Ÿ‡น Ebreichsdorf
0%
2๐Ÿด๓ ง๓ ข๓ ณ๓ ฃ๓ ด๓ ฟ Hibernian FC
0%
1๐Ÿ‡ฆ๐Ÿ‡ฑ KF Laci
0%
1๐Ÿ‡ณ๐Ÿ‡ด Kristiansund
0%
2๐Ÿ‡ณ๐Ÿ‡ด Sarpsborg 08
0%
3๐Ÿ‡ฆ๐Ÿ‡น SC Parndorf
0%
5๐Ÿ‡ณ๐Ÿ‡ด SK Brann
0%
2๐Ÿ‡ฆ๐Ÿ‡น SKN St Pรถltern
0%
1๐Ÿ‡ฆ๐Ÿ‡น SV Mattersburg
0%
3๐Ÿ‡ฆ๐Ÿ‡น TSV Hartberg
0%
1๐Ÿ‡ณ๐Ÿ‡ด Viking FK
0%
1๐Ÿ‡ณ๐Ÿ‡ด Volda TI
0%
3๐Ÿ‡ฉ๐Ÿ‡ช Wehen Wiesbaden
0%
6๐Ÿ‡ฆ๐Ÿ‡น Wolfsberger AC
0%
No matching quizzes found
Score Distribution
Percent of People with Each Score
Percentile by Number Answered
Your Score History
You have not taken this quiz since the last reset